01192nam a2200241 a 4500001001000000003000400010005001700014008004100031040002500072082001600097245017200113260009300285300002000378500003800398500006500436590002800501910002800529942001400557952011200571952011800683952013200801999001700933000013448OSt20201022100507.0091124s1955 dr 001 0 spa d aDO-SdBNPbspacBNPHU axxxxbH611l00aDiscurso leido por el Lic. Hipolito Herrera Billini presidente de la Suprema Corte de Justicia en la solemne apertura de los tribunales celebrada, en 9 de enero 1955/. aCiudad Trujillo, República Dominicana :bSuprema Corte de JusticiabDel Caribe,c1955. a32 p. ;c23 cm. aAño del benefactor de la patria aIncluye referencias bibliográficas al pie de las páginas aInventariado, 2020 / DG aInventariado, 2020 / DG 2ddccLBS1 00102ddc718PDaPDbPDcCTd2009-11-24eDonadoiLF1l0oxxxx H565p13448-10r2020-06-25w2020-06-25yLFPD 00102ddc718PDaPDbPDcCTd2010-03-01eDonadoiLF1l0oxxxx H565p13448-20r2020-06-25te. 2w2020-06-25yLFPD 00102ddc70aBNPHUbBNPHUcCTd2013-08-14eDonado por la Familia Reyes Dulucl0oxxxx H565r2020-10-22te. 3w2020-10-22yLBS1 c13074d13074